000
00303 a2200133 4500
020
_a
8175541199
090
_c
2252
_d
2252
100
_a
Patrick Forsyth
245
_a
Everything you need toknow about marketing
250
_a
2nd
260
_a
New Delhi
300
_a
100
942
_a
NBS
_c
BK
_k
658.8 FOR
999
_c
344754
_d
344754